000 01019cam a22002174a 4500
005 20250605164053.0
008 250528s ||||||||||||||||||||||||d
035 _a17369
020 _a415113547
040 _aGR-AtMCL
_bgre
_dGR-AtMCL
_eAACR2
245 1 _aTourism and Public Policy
250 _a1st
260 _bRouledge,
_c1995
300 _a116
520 _aA dynamic introduction to the processes by which government tourism policy is formed. Preface, Introduction: Studying Tourism Public Policy, The Study of Institutional Arrangements: Constructing the Rules of the Game, Values in the Tourism Policy-Making Process, The Role of Interest Groups in the Tourism Policy Process, Who Wins and Who Loses? Aspects of Power in Tourism Policy-Making, Monitoring and Evaluating Tourism Public Policy, Studying Tourism Policy, Bibliography, Name and Place and Subject Index.
700 1 _aHall Colin Micahel
_93451
700 1 _aJenkins John M
_93521
942 _cBK
999 _c2793
_d2793